| 000 | 00754nam a2200265Ia 4500 | ||
|---|---|---|---|
| 003 | OSt | ||
| 005 | 20220918214527.0 | ||
| 006 | a|||||r|||| 00| 0 | ||
| 007 | ta | ||
| 008 | 220917b |||||||| |||| 00| 0 eng d | ||
| 024 | _a137,850 | ||
| 037 | _cTextual | ||
| 040 |
_aARTS _cARTS _beng |
||
| 041 |
_2eng _aeng |
||
| 082 | _aY:1, L2 | ||
| 100 |
_aKaplan David _9131613 |
||
| 245 | 0 | _aCulture theory | |
| 260 |
_aEnglewood _bCliffs Prentice Hall _c1972 |
||
| 300 |
_axii,208p. _ccm. |
||
| 490 | _aFoundations of modern anthropology series edited by Marshall D Sahlius | ||
| 650 | _aSOCIOLOGY | ||
| 700 |
_a Manners Robert A _9131614 |
||
| 942 |
_hY:1, L2 _cTEXL _2CC |
||
| 999 |
_c260924 _d260924 |
||